000 01825cam a2200181 4500500
005 20251228095116.0
041 _afre
042 _adc
100 1 0 _aLe Moing, Monique
_eauthor
245 0 0 _aChristopher Moore, Sacré Bleu, traduit de l’anglais (États-Unis) par Luc Baranger, Paris, Gallimard, Folio, 2016, 555 pages
260 _c2021.
500 _a90
520 _aDepuis ses débuts, le tatouage est une pratique entourée de secrétisme. Par la présentation de quelques exemples classiques du tatouage, ainsi que de quelques-uns plus récents, irrévérents et inattendus, cet article cherche à explorer de nouvelles formes de cette pratique d’inscription corporelle qui nous conduisent à des conceptions imprévues et radicales du secret, dont le tatouage est toujours entouré.
520 _aEver since it first appeared, the practice of tattooing has always been surrounded by secrecy. This article presents examples of classical tattoos as well as some more recent ones that are irreverent and unexpected, and it looks into some of the new forms taken by this practice of body inscription. These new forms, in turn, point towards radical, unexpected notions of secrecy, since secrecy constantly surrounds the practice of tattooing.
520 _aA tatuagem é, desde os seus primórdios, uma prática envolta em secretismos. Através da apresentação de alguns exemplos clássicos de tatuagem e de outros mais recentes, mas também mais irreverentes e inesperados, este artigo procura explorar novas formas assumidas por esta prática da inscrição corporal que nos conduzem a concepções imprevistas e radicais do segredo.
786 0 _nSigila | 47 | 1 | 2021-05-31 | p. 175a-176a | 1286-1715
856 4 1 _uhttps://shs.cairn.info/revue-sigila-2021-1-page-175a?lang=fr&redirect-ssocas=7080
999 _c1605627
_d1605627